000
00264nam a22001217a 4500
008
181016b xxu||||| |||| 00| 0 eng d
041
_a
eng
080
_a
621
100
_a
41
101
_a
NDE
245
_a
Basic Technical Drawing
_c
Dygdon.S
942
_2
udc
_c
BK
999
_c
49836
_d
49836